Medzinárodné obchodné operácie v doprave a ich vplyv na tvorbu zdieľanej pridanej hodnoty diplomová práca

Enregistré dans:
Détails bibliographiques
Auteur principal: Radosa, Miloš
Collectivité auteur: Obchodná fakulta EU. Katedra medzinárodného obchodu
Autres auteurs: Hansenová, Heda
Format: Livre
Langue:slovaque
Publié: Bratislava 2018
Tags: Ajouter un tag
Pas de tags, Soyez le premier à ajouter un tag!

MARC

LEADER 00000nbm a2200000 4500
001 0243414
005 20181003113314.3
041 0 |a slo 
044 |a SK 
245 1 0 |a Medzinárodné obchodné operácie v doprave a ich vplyv na tvorbu zdieľanej pridanej hodnoty  |b diplomová práca  |c Miloš Radosa ; školiteľ: Heda Hansenová 
264 1 |a Bratislava  |c 2018 
300 |a 64 s. 
100 1 |a Radosa, Miloš 
700 1 |a Hansenová, Heda 
710 2 |a Obchodná fakulta EU. Katedra medzinárodného obchodu